[Event "CZE-chT2E 1112"]
[Site "Czech Republic"]
[Date "2012.01.22"]
[Round "6.5"]
[White "Zvardon, Petr"]
[Black "Hodovsky, Jiri"]
[Result "1-0"]
[WhiteElo "1980"]
[BlackElo "2103"]
[PlyCount "127"]
[EventDate "2011.10.09"]
[EventType "team-tourn"]
[EventRounds "11"]
[EventCountry "CZE"]
[SourceTitle "EXT 2013"]
[Source "ChessBase"]
[SourceDate "2012.11.22"]
[SourceVersion "1"]
[SourceVersionDate "2012.11.22"]
[SourceQuality "1"]
[WhiteTeam "Hostalkova"]
[BlackTeam "Zlin III"]
[WhiteTeamCountry "CZE"]
[BlackTeamCountry "CZE"]

1. e4 e5 2. Nf3 Nc6 3. Bb5 a6 4. Ba4 Nf6 5. d3 d6 6. c3 Be7 7. Nbd2 0-0 8. Nf1 b5 9. Bc2 d5 10. Qe2 Re8 11. Ng3 h6 12. 0-0 Bf8 13. a4 b4 14. a5 Bd7 15. Bb3 dxe4 16. dxe4 Na7 17. Rd1 Qe7 18. Nh4 Bb5 19. Qf3 Nh7 20. Be3 Qf6 21. Nhf5 g6 22. Qg4 Ng5 23. h4 gxf5 24. Nxf5 Qg6 25. hxg5 hxg5 26. Bxg5 c5 27. Bd5 Bc6 28. Qh4 Bg7 29. Ne7+ Rxe7 30. Bxe7 Bxd5 31. Rxd5 Nc6 32. Rd6 Nxe7 33. Rxg6 Nxg6 34. Qg4 Rb8 35. c4 Nf4 36. Rd1 Ne6 37. Rd6 b3 38. Rxe6 fxe6 39. Qxe6+ Kh7 40. Qxa6 Rb4 41. Qe6 Ra4 42. a6 Ra2 43. Qh3+ Kg6 44. Qxb3 Rxa6 45. Qb5 Ra1+ 46. Kh2 Rb1 47. Kg3 Bf6 48. Kg4 Be7 49. g3 Rf1 50. Qe8+ Kf6 51. Qc6+ Kf7 52. f4 exf4 53. gxf4 Rh1 54. e5 Rh4+ 55. Kf5 Rh5+ 56. Ke4 Rh2 57. Qd5+ Kf8 58. Qa8+ Kf7 59. Qb7 Rd2 60. Kf5 Rd4 61. Qc6 Rd2 62. Qa8 Re2 63. Qh8 Bf8 64. Qh5+ 1-0